000 00605nam a22002297a 4500
003 UA-OsUOA
001 99807
007 ta
008 20130517b un ||||| |||| 00| 0 ukr d
100 _aТвардовский А.
090 _a821.161.1
_bТ11
942 _cBK
040 _aUA-OsUOA
_brus
_cUA-OsUOA
_dUA-OsUOA
245 _aКнига лирики
300 _a414 с.
955 _a3
041 _arus
080 _a821.161.1
260 _aМ.
_bСоветский писатель
_c1967
650 7 _a82 Література. Літературознавство
_2UDC
999 _c386033
_d386033